01103cam a22002655i 450000100060000000300080000600500170001400800410003102000320007203500420010404000420014604100080018808200320019610000450022824501160027330000370038950400670042665000360049365000450052965100420057471000510061694200120066799900170067995201410069640378BD-RjUL20211209053212.0150816s2015 bg a b 001 0 eng  a9789845061605c: Tk. 850.00 a(MFDhaka) 2015357048a(BD-RjUL)40493 aDLCbengerdacDLCdDLCdDLCdBD-RjUL aeng04223a339.46095492 bOSP 20151 aOsmani, S. R.q(Siddiqur Rahman)912438510aPoverty and vulnerability in rural Bangladesh /cS.R.Osmani with Meherun Ahmed, Muhammad A. Latif, Binayak Sen. axvi, 236 pages :bill. ;c24 cm. aIncludes bibliographical references (pages 225-230) and index. 0aRural poorzBangladesh.9116711 0aIncome distributionzBangladesh.9124386 0aBangladeshxRural conditions.91243872 aInstitute of Microfinance (Bangladesh)9124388 2ddccBK c40378d40378 00102ddc40718NFICaRUCLbRUCLcReadingd2016-02-11eRUCLg850.00l0o339.46095492 OSP 2015r2016-04-30 00:00:00tC-1w2021-12-09yBK